000 00476nam a2200193 a 4500
001 1754970809588
003 YourLibrary
005 20250812111415.0
008 250812s2007##################000#0#eng##
020 _a9781587052538
082 0 4 _a005.8
_bCAP
100 1 _aCapite, Duane De,
_eauthor.
245 1 0 _aSelf-defending Networks :
260 _c2007.
300 _a270 pages
650 0 _aComputers.
942 _cENGLISH
040 _aYourLibrary
_beng
_cYourLibrary
999 _c580776
_d580776